[Event "Offenes Qualifikationsturnier"]
[Site "Berlin"]
[Date "2012.04.09"]
[Round "3.13"]
[White "Weiss, Daniel"]
[Black "Kostre, Margarita"]
[Result "1-0"]
[WhiteElo "1459"]
[BlackElo "1789"]
[PlyCount "69"]
[EventDate "2012.??.??"]
[WhiteTeam "SF Nord-Ost Berlin"]
[BlackTeam "Schachpinguine Berlin"]

1. d4 Nf6 2. Nf3 g6 3. g3 Bg7 4. Bg2 O-O 5. O-O d6 6. c4 Nc6 7. Nc3 e5 8. e4
exd4 9. Nxd4 Nxd4 10. Qxd4 Ng4 11. Qd3 Ne5 12. Qe2 Be6 13. b3 Nxc4 14. bxc4
Bxc3 15. Rb1 Rb8 16. Qd3 Bg7 17. f4 f5 18. exf5 Bxf5 19. Qd5+ Kh8 20. Rxb7 Rxb7
21. Qxb7 Bd4+ 22. Kh1 Qf6 23. Rd1 Re8 24. Qd5 c5 25. Bf3 Qe7 26. Kg2 Be6 27.
Qe4 Bxc4 28. Rxd4 Be6 29. Ra4 Qd7 30. Bb2+ Kg8 31. Qc6 Bh3+ 32. Kf2 Qf7 33. Bd5
Be6 34. Re4 Kf8 35. Qxd6+ 1-0

[Event "Offenes Qualifikationsturnier"]
[Site "Berlin"]
[Date "2012.04.09"]
[Round "3.14"]
[White "Sandbrand, Alexandru"]
[Black "Mahler, Sonja"]
[Result "0-1"]
[WhiteElo "1310"]
[BlackElo "1635"]
[PlyCount "70"]
[EventDate "2012.??.??"]
[WhiteTeam "SK Tempelhof 1931"]
[BlackTeam "SC Kreuzberg"]

1. e4 e5 2. Nf3 Nc6 3. Bc4 h6 4. c3 Nf6 5. d4 exd4 6. cxd4 Nxe4 7. O-O d5 8.
Bb3 Be7 9. Nc3 Nf6 10. Ne5 Be6 11. Ba4 Bd7 12. Bb3 Be6 13. Ba4 Bd7 14. Bb3 Nxe5
15. dxe5 Ng4 16. Qxd5 O-O 17. h3 c6 18. Qe4 Nxe5 19. Qxe5 Bf6 20. Qe4 Re8 21.
Qd3 Qc8 22. Bf4 Bf5 23. Qg3 g5 24. h4 Kh7 25. hxg5 Rg8 26. Rfe1 Bxg5 27. Bxf7
Rg7 28. Bh5 Bd8 29. Re8 Rxg3 30. fxg3 Bg6 31. Bxg6+ Kxg6 32. Bxh6 Bb6+ 33. Be3
Qxe8 34. Bxb6 axb6 35. a3 Qe3+ 0-1

[Event "Offenes Qualifikationsturnier"]
[Site "Berlin"]
[Date "2012.04.09"]
[Round "3.15"]
[White "Kliem, Helmut"]
[Black "Gebigke, Lena"]
[Result "1-0"]
[WhiteElo "1772"]
[BlackElo "1444"]
[PlyCount "87"]
[EventDate "2012.??.??"]
[WhiteTeam "SV Königsjäger Süd-West"]
[BlackTeam "SV Berolina Mitte"]

1. e4 d6 2. d4 g6 3. Nc3 Bg7 4. Be3 Nf6 5. f3 O-O 6. Qd2 c5 7. dxc5 dxc5 8.
Qxd8 Rxd8 9. Bxc5 Nc6 10. Bb5 Nd7 11. Ba3 Nd4 12. O-O-O e6 13. Nge2 Nxb5 14.
Nxb5 Be5 15. Nd6 b6 16. Nxc8 Raxc8 17. Be7 Bc7 18. Bxd8 Rxd8 19. Rd3 Nc5 20.
Rxd8+ Bxd8 21. Rd1 Bc7 22. h3 Kf8 23. b4 Na6 24. a3 Ke7 25. Nd4 Bf4+ 26. Kb2
Nb8 27. Kb3 e5 28. Nb5 Nc6 29. c3 a6 30. Nc7 a5 31. Nd5+ Ke6 32. Nxb6 axb4 33.
axb4 f5 34. Nd5 Bg5 35. b5 Na5+ 36. Kb4 Nb7 37. c4 fxe4 38. fxe4 Nd6 39. b6 Bd8
40. Re1 Kd7 41. c5 Ne8 42. Kb5 Kc8 43. Kc6 Kb8 44. Kd7 1-0

[Event "Offenes Qualifikationsturnier"]
[Site "Berlin"]
[Date "2012.04.09"]
[Round "3.16"]
[White "Agapova, Svetlana"]
[Black "Petersen, Marcel"]
[Result "0-1"]
[WhiteElo "1155"]
[BlackElo "1560"]
[PlyCount "90"]
[EventDate "2012.??.??"]
[WhiteTeam "Betriebsschach SK Präsident"]
[BlackTeam "SG Grün-Weiß Baumschulenweg"]

1. e4 c5 2. Nf3 d6 3. h3 Nf6 4. Nc3 g6 5. d4 cxd4 6. Nxd4 Bg7 7. Be2 O-O 8. O-O
Bd7 9. Rb1 Nc6 10. Be3 a6 11. Qd2 Rc8 12. Nxc6 Bxc6 13. Bd3 d5 14. exd5 Nxd5
15. Nxd5 Qxd5 16. f3 Qxa2 17. Bh6 Qd5 18. Bxg7 Kxg7 19. Rfd1 Rfd8 20. Qe1 Qc5+
21. Kh1 Rd7 22. Qg1 Qxg1+ 23. Kxg1 Rcd8 24. Rd2 Bb5 25. Rbd1 Bxd3 26. Rxd3 Rxd3
27. Rxd3 Rxd3 28. cxd3 Kf6 29. Kf2 Ke5 30. Ke3 b5 31. b4 Kd5 32. h4 e5 33. g3
h5 34. f4 f6 35. fxe5 fxe5 36. Kd2 Kd4 37. Ke2 e4 38. dxe4 Kxe4 39. Kf2 Kd4 40.
Kf3 Kc4 41. Kf4 Kxb4 42. g4 a5 43. gxh5 gxh5 44. Kg5 a4 45. Kxh5 a3 0-1

[Event "Offenes Qualifikationsturnier"]
[Site "Berlin"]
[Date "2012.04.09"]
[Round "3.17"]
[White "Penner, Markus"]
[Black "Sharenkov, Ilya"]
[Result "1-0"]
[WhiteElo "1964"]
[BlackElo "1839"]
[PlyCount "93"]
[EventDate "2012.??.??"]
[WhiteTeam "SK Zehlendorf"]
[BlackTeam "SG Grün-Weiß Baumschulenweg"]

1. e4 c6 2. d4 d5 3. e5 Bf5 4. Nf3 e6 5. Be2 c5 6. Be3 Qb6 7. Nc3 a6 8. Na4
Qa5+ 9. c3 c4 10. O-O b5 11. Nc5 Bxc5 12. dxc5 Ne7 13. b4 Qa3 14. Qc1 Qxc1 15.
Rfxc1 Nbc6 16. a4 O-O 17. Ra2 Ng6 18. Rca1 Rab8 19. axb5 axb5 20. Ra6 Ngxe5 21.
Nxe5 Nxe5 22. Bf4 f6 23. g4 Bc2 24. Rxe6 Rbe8 25. Raa6 Kf7 26. Rxe8 Rxe8 27.
Ra7+ Kf8 28. Be3 Re7 29. Rxe7 Kxe7 30. f4 Nd3 {(=)} 31. Bf3 f5 32. gxf5 Nb2 33.
Bd4 Bxf5 34. Bxd5 g6 35. Kf2 h5 36. h4 Nd3+ 37. Ke3 Kd7 38. Be5 Ne1 39. c6+ Kc8
40. Kd4 Nd3 41. Be4 Ne1 42. Bxf5+ gxf5 43. Kc5 Nf3 44. Bf6 Nd2 45. Kxb5 Kc7 46.
Be5+ Kc8 47. Kc5 1-0

[Event "Offenes Qualifikationsturnier"]
[Site "Berlin"]
[Date "2012.04.09"]
[Round "3.18"]
[White "Hoffmann, Peter"]
[Black "Steinborn, Bjoern"]
[Result "1-0"]
[WhiteElo "2040"]
[BlackElo "1589"]
[PlyCount "101"]
[EventDate "2012.??.??"]
[WhiteTeam "BSG 1827 Eckbauer"]
[BlackTeam "SC Weisse Dame"]

1. e4 c5 2. Nf3 d6 3. d4 cxd4 4. Qxd4 Nc6 5. Bb5 Bd7 6. Bxc6 Bxc6 7. Nc3 Nf6 8.
Bg5 e6 9. O-O-O Be7 10. Rhe1 h6 11. Bh4 O-O 12. h3 Qc7 13. Qd2 Rfd8 14. Nd4
Nxe4 15. Rxe4 Bxe4 16. Bxe7 Qxe7 17. Nxe4 d5 18. Nc3 e5 19. Nf5 Qg5 20. Nxd5
Qxd2+ 21. Rxd2 Kf8 22. a4 Rd7 23. c4 Rc8 24. b3 h5 25. g4 g6 26. Nfe3 hxg4 27.
hxg4 Kg7 28. g5 Rh8 29. Ng4 Rd6 30. Nxe5 Rh1+ 31. Kc2 Re1 32. f4 Rg1 33. Rh2
Rd8 34. Nf6 Rh8 35. Rd2 Rh3 36. Nd3 Rgg3 37. Nc1 Rc3+ 38. Kb2 Rcf3 39. Rd8 Rf2+
40. Ka3 Rh8 41. Ne8+ Kf8 42. Nd6+ Kg7 43. Rd7 Rxf4 44. Nxb7 Rh5 45. Nd3 Rf5 46.
Nd6 Rf3 47. Ne5 Rf1 48. Ndxf7 Rhh1 49. Nh6+ Kf8 50. Nxg6+ Ke8 51. Rxa7 1-0

[Event "Offenes Qualifikationsturnier"]
[Site "Berlin"]
[Date "2012.04.09"]
[Round "3.19"]
[White "Huels, Marco"]
[Black "Schilling, Hans"]
[Result "1/2-1/2"]
[WhiteElo "2058"]
[BlackElo "1820"]
[PlyCount "27"]
[EventDate "2012.??.??"]
[WhiteTeam "SV Motor Wildau"]
[BlackTeam "SF Nord-Ost Berlin"]

1. e4 e6 2. d4 d5 3. e5 c5 4. c3 Qb6 5. Nf3 Bd7 6. Bd3 cxd4 7. cxd4 Nc6 8. Be2
Nge7 9. Nc3 Nf5 10. Na4 Qa5+ 11. Nc3 Qb6 12. Na4 Qa5+ 13. Nc3 Qb6 14. Na4
1/2-1/2

[Event "Offenes Qualifikationsturnier"]
[Site "Berlin"]
[Date "2012.04.09"]
[Round "3.20"]
[White "Schmidt, Juergen"]
[Black "Vidic, Dobrivoje"]
[Result "1/2-1/2"]
[WhiteElo "2035"]
[BlackElo "1812"]
[PlyCount "73"]
[EventDate "2012.??.??"]
[WhiteTeam "SC Kreuzberg"]
[BlackTeam "SK Dragojle Babic"]

1. e4 c5 2. Nf3 Nc6 3. d4 cxd4 4. Nxd4 d6 5. Nc3 Bd7 6. Bc4 Nf6 7. Bb3 Qb6 8.
Be3 Ng4 9. O-O Nxe3 10. fxe3 Ne5 11. h3 g6 12. Nd5 Qd8 13. Nf3 Bg7 14. Nxe5
Bxe5 15. Qf3 O-O 16. c3 Kg7 17. Rf2 Bc6 18. Nb4 Be8 19. Nd3 Bf6 20. Rd1 Rc8 21.
e5 dxe5 22. Nxe5 Qc7 23. Ng4 Bh4 24. Rfd2 Bc6 25. Bd5 h5 26. Nf2 Bxf2+ 27. Rxf2
Bxd5 28. Rxd5 Qc6 29. Qd1 Qb6 30. Qd4+ Qxd4 31. Rxd4 Rfd8 32. Rfd2 Rxd4 33.
Rxd4 Rc7 34. Kf2 f5 35. Ke2 Kf6 36. g3 Ke6 37. h4 1/2-1/2

[Event "Offenes Qualifikationsturnier"]
[Site "Berlin"]
[Date "2012.04.09"]
[Round "4.1"]
[White "Baranowsky, Peter"]
[Black "Schnabel, Ralf"]
[Result "0-1"]
[WhiteElo "1954"]
[BlackElo "2215"]
[PlyCount "80"]
[EventDate "2012.??.??"]
[WhiteTeam "SF Berlin 1903"]
[BlackTeam "ESV Nickelhütte Aue"]

1. c4 d6 2. Nc3 g6 3. g3 Bg7 4. d4 f5 5. Bg2 Nf6 6. Nh3 O-O 7. d5 a5 8. O-O Na6
9. Nf4 Nc5 10. Qc2 e5 11. dxe6 c6 12. Be3 Nxe6 13. Rad1 Qe7 14. Na4 Ng4 15. Qd2
Nxe3 16. Qxe3 Re8 17. Nb6 Rb8 18. Qd2 Nxf4 19. Qxf4 Be6 20. b3 Qc7 21. c5 Be5
22. cxd6 Bxf4 23. dxc7 Bxc7 24. Nc4 Kf8 25. Rd2 a4 26. Rb1 Red8 27. e3 Ke7 28.
Bf3 axb3 29. axb3 Rxd2 30. Nxd2 Rd8 31. Nc4 Rd3 32. Bd1 b5 33. Be2 bxc4 34.
Bxd3 cxd3 35. Rd1 Bxb3 36. Rxd3 Bd5 37. f4 h6 38. Kf2 g5 39. Ra3 c5 40. Ra6 Be6
0-1

[Event "Offenes Qualifikationsturnier"]
[Site "Berlin"]
[Date "2012.04.09"]
[Round "4.3"]
[White "Sharenkov, Ilya"]
[Black "Haseloff, Harald"]
[Result "1/2-1/2"]
[WhiteElo "1839"]
[BlackElo "2145"]
[PlyCount "75"]
[EventDate "2012.??.??"]
[WhiteTeam "SG Grün-Weiß Baumschulenweg"]
[BlackTeam "SG Lasker Steglitz-Wilmersdorf"]

1. d4 d6 2. Nf3 Bg4 3. c4 Nd7 4. Nc3 e5 5. h3 Bh5 6. d5 Be7 7. e4 Ngf6 8. Be3
c6 9. Be2 O-O 10. O-O Bg6 11. Bd3 a6 12. b4 Rc8 13. Qb3 Qc7 14. Rfc1 h6 15. a4
Nb8 16. a5 Nfd7 17. Nd2 Kh8 18. Na2 Qd8 19. Rc2 Bg5 20. Bxg5 Qxg5 21. Rac1 f5
22. exf5 Bxf5 23. Bxf5 Qxf5 24. Nf1 cxd5 25. cxd5 Rxc2 26. Qxc2 Qf7 27. Ne3 b6
28. f3 bxa5 29. bxa5 Nc5 30. Nb4 Qf4 31. Nc4 Nbd7 32. Qd2 Nb3 33. Qxf4 Rxf4 34.
Rc3 Nxa5 35. Nxa5 Rxb4 36. Rc6 Rb5 37. Rxd6 Nf6 38. Rxa6 1/2-1/2

[Event "Offenes Qualifikationsturnier"]
[Site "Berlin"]
[Date "2012.04.09"]
[Round "4.4"]
[White "Krefenstein, Sergej"]
[Black "Fartmann, Oliver"]
[Result "1-0"]
[WhiteElo "2006"]
[BlackElo "1903"]
[PlyCount "107"]
[EventDate "2012.??.??"]
[WhiteTeam "TuS Makkabi Berlin"]
[BlackTeam "SG Grün-Weiß Baumschulenweg"]

1. d4 Nf6 2. Nf3 g6 3. c4 Bg7 4. Nc3 O-O 5. e4 d6 6. Be2 e5 7. d5 Na6 8. Bg5 h6
9. Bh4 g5 10. Bg3 Nc5 11. Nd2 Nfxe4 12. Ncxe4 Nxe4 13. Nxe4 f5 14. f3 fxe4 15.
fxe4 c6 16. Qd2 c5 17. Bf2 Qf6 18. Be3 Qg6 19. Bd3 a6 20. Rf1 Bd7 21. Rxf8+
Rxf8 22. Qe2 b5 23. Bd2 h5 {(=)} 24. b4 Bg4 25. Qe3 bxc4 26. Bxc4 Rf4 27. Bd3
c4 28. Bc2 Qf7 29. Qg1 Rf6 30. h3 Bd7 31. O-O-O g4 32. Bg5 Bh6 33. Bxh6 Rxh6
34. Qe3 Qf4 35. Qxf4 exf4 36. h4 f3 37. gxf3 gxf3 38. Rf1 Rf6 39. Kd2 Bh3 40.
Rf2 Bg2 41. Ke3 c3 42. Bd3 a5 43. bxa5 Kf8 44. Kd4 Ke8 45. Kxc3 Kd8 46. Kd4 Kc8
47. Rb2 f2 48. a6 Rf7 49. a7 Rxa7 50. Rxf2 Ra4+ 51. Ke3 Bh3 52. Bb5 Ra3+ 53.
Kd4 Bg4 54. e5 1-0

[Event "Offenes Qualifikationsturnier"]
[Site "Berlin"]
[Date "2012.04.09"]
[Round "4.5"]
[White "Inngauer, Wolfram"]
[Black "Penner, Markus"]
[Result "0-1"]
[WhiteElo "1886"]
[BlackElo "1964"]
[PlyCount "68"]
[EventDate "2012.??.??"]
[WhiteTeam "CFC Hertha 06"]
[BlackTeam "SK Zehlendorf"]

1. d4 Nf6 2. Nc3 d5 3. Bg5 Bf5 4. f3 c5 5. e3 cxd4 6. exd4 e6 7. Bb5+ Nc6 8.
Nge2 Be7 9. O-O O-O 10. a3 Qb6 11. Kh1 h6 12. Bh4 Rac8 13. g4 Bg6 14. Bxc6 Rxc6
15. Rb1 a6 16. g5 Nh7 17. f4 hxg5 18. fxg5 Bxg5 19. Bxg5 Nxg5 20. Nf4 Be4+ 21.
Nxe4 Nxe4 22. Nh5 e5 23. c3 exd4 24. cxd4 Qd8 25. Ng3 Nxg3+ 26. hxg3 Qg5 27.
Kg2 Rfc8 28. Rf2 Qg6 29. b4 Qe4+ 30. Kg1 Rh6 31. Rf3 Qh7 32. Rf1 Rh1+ 33. Kg2
Rc2+ 34. Qxc2 Rh2+ 0-1

[Event "Offenes Qualifikationsturnier"]
[Site "Berlin"]
[Date "2012.04.09"]
[Round "4.6"]
[White "Schildt, Rene"]
[Black "Bader, Arnd"]
[Result "0-1"]
[WhiteElo "2041"]
[BlackElo "1930"]
[PlyCount "120"]
[EventDate "2012.??.??"]
[WhiteTeam "SC Zugzwang 95"]
[BlackTeam "SF Berlin 1903"]

1. e4 e6 2. d4 d5 3. Nc3 Bb4 4. e5 c5 5. a3 Ba5 6. dxc5 Bxc3+ 7. bxc3 Qa5 8.
Nf3 Qxc3+ 9. Bd2 Qxc5 10. Bd3 h6 11. Bb4 Qc7 12. O-O Bd7 13. Bd6 Qc8 14. Nd4 a6
15. Qg4 Ne7 16. Qxg7 Rg8 17. Qxh6 Qd8 18. Ne2 Nc8 19. Bh7 Qg5 20. Qxg5 Rxg5 21.
f4 Rg7 22. Bxb8 Rxh7 23. Bc7 Bb5 24. Rf2 b6 25. Nd4 Kd7 26. a4 Bc4 27. Bd6 Nxd6
28. exd6 Kxd6 29. Rb1 Kc5 30. Nf3 b5 31. a5 b4 32. Ne5 Bb5 {(=)} 33. Rf3 Rb8
34. Rfb3 f6 35. Nd3+ Bxd3 36. cxd3 Rb5 37. Rc1+ Kd6 38. d4 Rhb7 39. Rcb1 e5 40.
fxe5+ fxe5 41. dxe5+ Kxe5 42. h4 Kf5 43. Kh2 Kg4 44. g3 Rc7 45. Rxb4+ Rxb4 46.
Rxb4+ Rc4 47. Rb2 Ra4 48. Rd2 Rxa5 49. Rd4+ Kf5 50. Kh3 Ke5 51. Rg4 Rb5 52. h5
d4 53. Kg2 d3 54. Kf1 Rb1+ 55. Kf2 d2 56. Rg5+ Kf6 57. Rg6+ Kf7 58. Rxa6 d1=Q
59. Ra7+ Kg8 60. Ra8+ Kh7 0-1

[Event "Offenes Qualifikationsturnier"]
[Site "Berlin"]
[Date "2012.04.09"]
[Round "4.7"]
[White "Stoeckel, Johannes"]
[Black "Hoffmann, Peter"]
[Result "0-1"]
[WhiteElo "1899"]
[BlackElo "2040"]
[PlyCount "62"]
[EventDate "2012.??.??"]
[WhiteTeam "SC Weisse Dame"]
[BlackTeam "BSG 1827 Eckbauer"]

1. Nf3 Nf6 2. c4 g6 3. Nc3 d5 4. g3 Bg7 5. cxd5 Nxd5 6. Bg2 Nc6 7. O-O O-O 8.
Nxd5 Qxd5 9. d3 Qh5 10. Rb1 Bh3 11. Bxh3 Qxh3 12. Bd2 Qe6 13. a3 h6 14. h4 a5
15. Bf4 Qd7 16. Qc1 Kh7 17. Qc5 a4 18. Ne5 Bxe5 19. Bxe5 Ra5 20. Qc3 Rxe5 21.
e4 Qd4 22. Kg2 g5 23. f4 gxf4 24. Rxf4 Rc5 25. Qd2 Ne5 26. Rd1 Rb5 27. Rf2 Rb3
28. Qf4 f5 29. Rdd2 Rxd3 30. Rxd3 Nxd3 31. Rd2 Nxf4+ 0-1

[Event "Offenes Qualifikationsturnier"]
[Site "Berlin"]
[Date "2012.04.09"]
[Round "4.8"]
[White "Konrad, Erhard"]
[Black "Muench, Robert"]
[Result "1-0"]
[WhiteElo "2012"]
[BlackElo "1890"]
[PlyCount "77"]
[EventDate "2012.??.??"]
[WhiteTeam "SG Lasker Steglitz-Wilmersdorf"]
[BlackTeam "Treptower SV 1949"]

1. Nf3 c5 2. g3 d5 3. Bg2 Nc6 4. O-O e5 5. d3 Nf6 6. Nbd2 Be6 7. e4 Be7 8. Qe2
d4 9. Re1 b5 10. b3 Nd7 11. a4 a6 12. axb5 axb5 13. Bb2 O-O 14. Rxa8 Qxa8 15.
Ra1 Qb7 16. c3 dxc3 17. Bxc3 Nd4 18. Nxd4 cxd4 19. Bb2 Nc5 20. f4 f6 21. Rb1
Ra8 22. fxe5 fxe5 23. b4 Nd7 24. Nf3 Ra2 25. Qe1 Qa8 26. Qc1 Qa4 27. Bf1 Bxb4
28. Ng5 Nc5 29. Nxe6 Nxe6 30. Qc6 {(=)} Nf8 31. Qc1 Be7 32. h4 Qa6 33. Qd1 Kh8
34. Qb3 Ra5 35. Bh3 Qg6 36. Kh2 Ne6 37. Qxe6 Qe8 38. Rc1 Qf8 39. Qxe7 1-0

[Event "Offenes Qualifikationsturnier"]
[Site "Berlin"]
[Date "2012.04.09"]
[Round "4.9"]
[White "Welz, Peter"]
[Black "Duric, Rajko"]
[Result "1-0"]
[WhiteElo "2147"]
[BlackElo "1789"]
[PlyCount "103"]
[EventDate "2012.??.??"]
[WhiteTeam "SV Empor Berlin"]
[BlackTeam "SC Kreuzberg"]

1. e4 d6 2. d4 g6 3. f4 Bg7 4. Nf3 Nf6 5. Nc3 Bg4 6. h3 Bxf3 7. Qxf3 c6 8. Be3
Qb6 9. O-O-O O-O 10. e5 Nd5 11. Nxd5 cxd5 12. Qxd5 dxe5 13. fxe5 Nc6 14. Qb3
Qxb3 15. axb3 e6 16. Bb5 Ne7 17. Kb1 a6 18. Be2 Nd5 19. Bd2 Rfd8 20. c4 Ne7 21.
Bc3 Nc6 22. Bf3 Rab8 23. Rhe1 Bf8 24. d5 exd5 25. cxd5 Nb4 26. d6 a5 27. Re4
Bg7 28. d7 b5 29. Bg4 Rb6 30. e6 fxe6 31. Bxe6+ Kh8 32. Bf7 Bxc3 33. Re8+ Kg7
34. Rxd8 Bf6 35. Rc8 Kxf7 36. Rf1 Kg7 37. d8=Q Bxd8 38. Rxd8 Re6 39. Ra8 Re2
40. g4 Nd3 41. g5 Re1+ 42. Rxe1 Nxe1 43. Ra7+ Kg8 44. Rxa5 b4 45. Rb5 Nf3 46.
Rxb4 Nxg5 47. h4 Nf3 48. Rf4 Ne5 49. b4 h6 50. b5 Nd7 51. Rd4 Ne5 52. b6 1-0

[Event "Offenes Qualifikationsturnier"]
[Site "Berlin"]
[Date "2012.04.09"]
[Round "4.10"]
[White "Hahlbohm, Matthias"]
[Black "Koischwitz, Wanja"]
[Result "1-0"]
[WhiteElo "2075"]
[BlackElo "1838"]
[PlyCount "85"]
[EventDate "2012.??.??"]
[WhiteTeam "TSG Oberschöneweide"]
[BlackTeam "Queer-Springer SSV Berlin"]

1. e4 Nf6 2. e5 Nd5 3. d4 d6 4. exd6 cxd6 5. Bc4 Nb6 6. Bb3 g6 7. Qf3 e6 8. Nh3
Bg7 9. Bg5 Qc7 10. Bf6 O-O 11. O-O Nc6 12. c3 e5 13. Bxg7 Kxg7 14. d5 Bxh3 15.
Qxh3 Ne7 16. Qd3 Nd7 17. Na3 Nc5 18. Qd1 f5 19. Bc2 f4 20. Qf3 Nf5 21. Rfe1 Nh4
22. Qh3 Qe7 23. Nc4 f3 24. g3 Ng2 25. Rf1 b5 26. b4 Nd7 27. Qe6 Qxe6 28. dxe6
bxc4 29. exd7 Kf6 30. Be4 Ke6 31. Bxa8 Rxa8 32. Rfd1 Rd8 33. a4 Rxd7 34. b5 Rb7
35. Rab1 d5 36. a5 Kd6 37. b6 a6 38. Rb2 Kc5 39. Rbd2 d4 40. cxd4+ exd4 41.
Rxd4 Kb4 42. Rd7 Rb8 43. Rd8 1-0

[Event "Offenes Qualifikationsturnier"]
[Site "Berlin"]
[Date "2012.04.09"]
[Round "4.11"]
[White "Skogvall, Martina"]
[Black "Jaeger, Andre"]
[Result "0-1"]
[WhiteElo "2063"]
[BlackElo "2001"]
[PlyCount "102"]
[EventDate "2012.??.??"]
[WhiteTeam "SF Berlin 1903"]
[BlackTeam "SC Rochade"]

1. e4 c5 2. Nc3 e6 3. f4 Nc6 4. Nf3 d5 5. Bb5 d4 6. Bxc6+ bxc6 7. Ne2 Nf6 8. d3
Ba6 9. b3 Be7 10. O-O Qb6 11. Kh1 h5 12. Qe1 O-O-O 13. Bd2 Rdf8 14. Ba5 Qb5 15.
a4 Qb7 16. Qd2 Bd8 17. Rfb1 Bxa5 18. Qxa5 Nxe4 19. dxe4 Bxe2 20. Qxc5 Bxf3 21.
gxf3 Qb6 22. Qc4 Rd8 23. Rd1 Rd7 24. a5 Qb5 25. Qxb5 cxb5 26. Rd2 Rhd8 27. Rad1
b4 28. Kg2 Kb7 29. h4 Ka6 30. Ra1 Rc7 31. Kf2 Rc5 32. Rg1 g6 33. Rgd1 Kxa5 34.
Rxd4 Rxd4 35. Rxd4 Rxc2+ 36. Kg3 Rc7 37. f5 Kb5 38. fxe6 fxe6 39. Rd6 Rc6 40.
Rd8 a5 41. Kf4 a4 42. Rb8+ Ka5 43. bxa4 Kxa4 44. e5 b3 45. Kg5 Rc4 46. Kxg6
Rxh4 47. Ra8+ Kb4 48. Kg5 Rh1 49. f4 b2 50. f5 exf5 51. e6 b1=Q 0-1

[Event "Offenes Qualifikationsturnier"]
[Site "Berlin"]
[Date "2012.04.09"]
[Round "4.12"]
[White "Muenstermann, Claudia"]
[Black "Fecke, Simon"]
[Result "1-0"]
[WhiteElo "1792"]
[BlackElo "1138"]
[PlyCount "77"]
[EventDate "2012.??.??"]
[WhiteTeam "SC Weisse Dame"]
[BlackTeam "CFC Hertha 06"]

1. e4 c5 2. Nf3 g6 3. d4 cxd4 4. Nxd4 Nc6 5. c4 Nf6 6. Nc3 Bg7 7. Be2 d6 8. Nc2
O-O 9. O-O Bd7 10. Be3 a6 11. f3 Rc8 12. Qd2 Na5 13. b3 b5 14. cxb5 axb5 15.
Rac1 Rxc3 16. Qxc3 Nxe4 17. Qd3 Nc3 18. Nb4 Bf5 19. Qd2 Nxe2+ 20. Qxe2 Qd7 21.
Kh1 d5 22. Bb6 Ra8 23. Rc7 Qd6 24. Qxe7 Qxe7 25. Rxe7 Bf8 26. Nxd5 Bxe7 27.
Nxe7+ Kf8 28. Nxf5 gxf5 29. Rd1 Nb7 30. Rd2 Rc8 31. Kg1 Rc6 32. Be3 Rd6 33.
Rxd6 Nxd6 34. Bc5 Ke7 35. Kf2 Ke6 36. Bxd6 Kxd6 37. Ke3 Kd5 38. a4 bxa4 39.
bxa4 1-0

[Event "Offenes Qualifikationsturnier"]
[Site "Berlin"]
[Date "2012.04.09"]
[Round "4.13"]
[White "Kostre, Margarita"]
[Black "Paul, Fabian"]
[Result "0-1"]
[WhiteElo "1789"]
[BlackElo "1627"]
[PlyCount "48"]
[EventDate "2012.??.??"]
[WhiteTeam "Schachpinguine Berlin"]
[BlackTeam "SC Zitadelle Spandau 1977"]

1. e4 c5 2. Nf3 Nc6 3. Nc3 g6 4. d4 cxd4 5. Nxd4 Bg7 6. Be3 Nf6 7. Bc4 d6 8. h3
O-O 9. Qd2 Re8 10. Nb3 a6 11. O-O-O b5 12. Bd5 Bb7 13. f4 e6 14. Bxc6 Bxc6 15.
Qxd6 Qxd6 16. Rxd6 Bxe4 17. Rg1 Red8 18. Rxd8+ Rxd8 19. Nc5 Nd5 20. Nd1 Nxe3
21. Nxe3 Bd4 22. Re1 Bxc5 23. g4 Bf3 24. Nf1 Bf2 0-1

[Event "Offenes Qualifikationsturnier"]
[Site "Berlin"]
[Date "2012.04.09"]
[Round "4.14"]
[White "Mahler, Sonja"]
[Black "Engers, Felix"]
[Result "1/2-1/2"]
[WhiteElo "1635"]
[BlackElo "1785"]
[PlyCount "96"]
[EventDate "2012.??.??"]
[WhiteTeam "SC Kreuzberg"]
[BlackTeam "SC Zitadelle Spandau 1977"]

1. d4 Nf6 2. Bf4 c5 3. d5 b6 4. e3 Bb7 5. c4 g6 6. Nc3 Bg7 7. d6 a6 8. dxe7
Qxe7 9. Bd6 Qe6 10. Rc1 Ne4 11. Bc7 Nxc3 12. bxc3 O-O 13. h4 Re8 14. Nh3 Qc6
15. Bd6 Re6 16. Bg3 Be5 17. Bf4 Qc7 18. Bh6 Nc6 19. h5 b5 20. hxg6 fxg6 21. Ng5
Rd6 22. Qg4 Qa5 23. Be2 Bxc3+ 24. Kf1 Bb2 25. Ne4 Ne5 26. Qf4 Bxe4 27. Qxe4 Rb8
28. Rb1 Qa4 29. f3 Bc3 30. Kf2 b4 31. Rhc1 Rc8 32. Rxc3 Ng4+ 33. fxg4 Rf6+ 34.
Kg3 bxc3 35. Bd3 Qc6 36. Qe7 Rf7 37. Qg5 Re8 38. Bxg6 Qxg6 39. Rc1 Qxg5 40.
Bxg5 Rg7 41. Bf4 Rd8 42. Rxc3 d5 43. cxd5 Rxd5 44. e4 Rd4 45. Be5 Rxe4 46. Bxg7
Kxg7 47. Rxc5 Ra4 48. Rc2 Kg6 1/2-1/2

[Event "Offenes Qualifikationsturnier"]
[Site "Berlin"]
[Date "2012.04.09"]
[Round "4.15"]
[White "Gebigke, Lena"]
[Black "Agapova, Svetlana"]
[Result "1-0"]
[WhiteElo "1444"]
[BlackElo "1155"]
[PlyCount "101"]
[EventDate "2012.??.??"]
[WhiteTeam "SV Berolina Mitte"]
[BlackTeam "Betriebsschach SK Präsident"]

1. d4 d5 2. Nf3 Nf6 3. g3 Nc6 4. Bg2 h6 5. O-O Bg4 6. c4 e6 7. Nc3 Be7 8. Ne5
O-O 9. Nxg4 Nxg4 10. e4 f5 11. exf5 exf5 12. Bxd5+ Kh8 13. Be3 Rb8 14. Be6 Bg5
15. Bxg5 Qxg5 16. h3 Nf6 17. Nb5 Ne8 18. d5 Rd8 19. Qe1 a6 20. Na3 Ne7 21. Qb4
b6 22. h4 Qf6 23. Qc3 Qg6 24. Kh2 Nf6 25. Rad1 Ne4 26. Qe5 c5 27. f3 Nd6 28. b3
Qh5 29. Kh3 Ng6 30. Qe1 Ne7 31. Nc2 Rde8 32. Ne3 Ng8 33. Ng2 g5 34. g4 fxg4+
35. fxg4 Qg6 36. Qe5+ Qg7 37. Qxg7+ Kxg7 38. Ne3 Nf6 39. Nf5+ Kh7 40. Nxd6 Rf7
41. Rde1 Rg7 42. h5 Rd8 43. Nf5 Rc7 44. Nxh6 Rf8 45. Nf7 Rcxf7 46. Bxf7 Rxf7
47. Re6 Kg7 48. Rfxf6 Rxf6 49. Rxf6 Kxf6 50. d6 Ke6 51. h6 1-0

[Event "Offenes Qualifikationsturnier"]
[Site "Berlin"]
[Date "2012.04.09"]
[Round "4.16"]
[White "Vidic, Dobrivoje"]
[Black "Huels, Marco"]
[Result "1-0"]
[WhiteElo "1812"]
[BlackElo "2058"]
[PlyCount "129"]
[EventDate "2012.??.??"]
[WhiteTeam "SK Dragojle Babic"]
[BlackTeam "SV Motor Wildau"]

1. d4 d5 2. c4 e6 3. Nc3 f5 4. Nf3 c6 5. cxd5 exd5 6. Ne5 Bd6 7. e3 Nf6 8. Be2
O-O 9. O-O Nbd7 10. f4 Ne4 11. Nxe4 fxe4 12. Qb3 Qb6 13. Qxb6 axb6 14. Bd2 Nxe5
15. fxe5 Rxf1+ 16. Rxf1 Be7 17. a3 Be6 18. h3 c5 19. Bb5 Bg5 20. Rd1 Rf8 21. a4
cxd4 22. exd4 e3 23. Bc3 Bh4 24. Be1 Bg5 25. h4 Bh6 26. Be2 Rc8 27. Bc3 Bf4 28.
g4 g5 29. hxg5 Bxg5 30. Kg2 Bd7 31. Rc1 Ra8 32. a5 b5 33. Bb4 Rc8 34. Bc5 Ra8
35. b4 Kg7 36. Rf1 Bh4 37. Rh1 Bg5 38. Kg3 h6 39. Bd3 Be8 40. Rf1 Bd7 41. Bf5
Bc6 42. Bd3 Re8 43. Bd6 Bd7 44. Bf5 Bc6 45. Kf3 Rd8 46. Bc7 Rf8 47. Ke2 Be7 48.
Rb1 Bg5 49. e6 h5 50. Bd6 Re8 51. gxh5 Kh6 52. Rf1 Kxh5 53. Rh1+ Bh4 54. Be5
Kg5 55. Bh3 Bf2 56. Rh2 Rf8 57. Rg2+ Kh4 58. Bg4 Be8 59. Bf3 Rxf3 60. Kxf3 Bh5+
61. Kf4 Kh3 62. Rg5 Be8 63. Kf3 Kh4 64. Bf6 Bh5+ 65. Rxh5+ 1-0

[Event "Offenes Qualifikationsturnier"]
[Site "Berlin"]
[Date "2012.04.09"]
[Round "4.17"]
[White "Hohn, August"]
[Black "Schmidek, Emil"]
[Result "0-1"]
[WhiteElo "2046"]
[BlackElo "1792"]
[PlyCount "94"]
[EventDate "2012.??.??"]
[WhiteTeam "SC Zugzwang 95"]
[BlackTeam "TuS Makkabi Berlin"]

1. c4 Nf6 2. Nc3 g6 3. g3 Bg7 4. Bg2 O-O 5. Nf3 d6 6. O-O e5 7. d4 Nbd7 8. Qc2
c6 9. Rd1 Re8 10. dxe5 dxe5 11. Be3 Qc7 12. h3 Nb6 13. Nd2 Be6 14. b3 Rad8 15.
Rac1 h5 16. Nde4 Bf5 17. Bg5 Rxd1+ 18. Rxd1 Nxe4 19. Nxe4 Nd7 20. Qd2 Bxe4 21.
Qxd7 Qxd7 22. Rxd7 Bxg2 23. Kxg2 b5 24. cxb5 cxb5 25. Rxa7 e4 26. Be3 Rc8 27.
f3 Rc3 28. Ra8+ Kh7 29. Kf2 exf3 30. exf3 Rc2+ 31. Kf1 Be5 32. f4 Bf6 33. a4 b4
34. Rb8 Rc3 35. Bd2 Rxb3 36. Bxb4 Rxg3 37. a5 Bd4 38. a6 Rxh3 39. Rd8 Rf3+ 40.
Ke2 Rxf4 41. Bc3 Bxc3 42. a7 Ra4 43. a8=Q Rxa8 44. Rxa8 f6 45. Kf3 Kh6 46. Kf4
Be5+ 47. Ke4 g5 0-1